000 01677nam a2200253Ia 4500
999 _c51865
_d51865
001 18863
003 GE_BSU
005 20220919163454.0
008 181216s2013||||ge |||||||||||||| ||geo||
040 _cGE_BSU
041 _ageo
080 _a61 ხ-25
100 _aხარაბაძე, მაია
_911549
245 _aბავშვთა და მოზარდთა ფიზიკური და ფუნქციური განვითარების თავისებურებები კახეთის რეგიონში " : დისერტაცია /
_cმაია ხარაბაძე; სამეცნიერო ხელმძღვანელი მ. ბეთანელი, რ. ხეცურიანი; თბილისის სახ-ფო სამედიცინო უნ-ტი.
264 _aთბილისი,
_c2013.
300 _a182 გვ. ;
_b30 სმ.
653 _aბავშვთა და მოზარდთა ფიზიკური და ფუნქციური განვითარების თავისებურებები კახეთის რეგიონში
653 _aდისერტაცია
653 _aმედიცინა
700 _aბეთანელი, მ.
_eსამეცნიერო ხელმძღვანელი
_911550
700 _aხეცურიანი, რ.
_eსამეცნიერო ხელმძღვანელი
_911551
710 _aთბილისის სახ-ფო სამედიცინო უნ-ტი
_911543
942 _cBK
_2udc